000 00532cam a22002054a 4500
005 20250605164157.0
008 250528s ||||||||||||||||||||||||d
035 _a19654
020 _a9609047246
040 _aGR-AtMCL
_bgre
_dGR-AtMCL
_eAACR2
245 1 _aΧΡΗΣΗ ΗΛΕΚΤΡΟΝΙΚΟΥ ΥΠΟΛΟΓΙΣΤΗ
250 _a2
260 _bΑβακας,
_c2000
300 _a314
700 1 _aΚαρολιδης Δ
_95861
700 1 _aΞαρχακος Κ
_95663
942 _cBK
999 _c4910
_d4910